Normal view
MARC view
Entry Personal Name
001 - CONTROL NUMBER
- control field: 82384
003 - CONTROL NUMBER IDENTIFIER
- control field: OSt
005 - DATE AND TIME OF LATEST TRANSACTION
- control field: 20240521123356.0
008 - FIXED-LENGTH DATA ELEMENTS
- fixed length control field: 240521|| aca||aabn | a|a d
040 ## - CATALOGING SOURCE
- Original cataloging agency: OSt
- Transcribing agency: OSt
100 ## - HEADING--PERSONAL NAME
- Personal name: खान सर
670 ## - SOURCE DATA FOUND
- Source citation: Work cat.: (OSt)66876: खान सर , रेलवे सुरक्षा बल एवं रेलवे सुरक्षा विशेष बल RPF/ RPSF SI उपनिरीक्षक पुरूष एवं महिला 23 सॉल्वड पेपर्स व्याख्या सहित , 2024









